Departments of France and their capitals / Départements français et leurs capitales #5 - Statistics

General Stats
  • This quiz has been taken 304 times
  • The average score is 11 of 15
Answer Stats
Hint Answer % Correct
Paris Paris
97%
Rhône Lyon
95%
Bas Rhin Strasbourg
93%
Pyrénées Orientales Perpignan
83%
Puy de Dôme Clermont Ferrand
79%
Haute Savoie Annecy
78%
Pyrénées Atlantiques Pau
77%
Sarthe Le Mans
76%
Savoie Chambéry
75%
Haut Rhin Colmar
75%
Pas de Calais Arras
61%
Hautes Pyrénées Tarbes
55%
Saône et Loire Mâcon
54%
Orne Alençon
53%
Haute Saône Vesoul
44%
No matching quizzes found
Score Distribution
Percent of People with Each Score
Percentile by Number Answered
Your Score History
You have not taken this quiz